Los Intelectuales en el siglo XIX : (Record no. 67616)

MARC details
000 -LEADER
fixed length control field 00873cac a2200241 4500
008 - FIXED-LENGTH DATA ELEMENTS--GENERAL INFORMATION
fixed length control field 090112t20002000sp 000 0 spa u
020 ## - INTERNATIONAL STANDARD BOOK NUMBER
International Standard Book Number 8432310522
050 04 - LIBRARY OF CONGRESS CALL NUMBER
Classification number HM728
Item number C43 2000
100 1# - MAIN ENTRY--PERSONAL NAME
Personal name Charle, Christophe
245 14 - TITLE STATEMENT
Title Los Intelectuales en el siglo XIX :
Remainder of title precursores del pensamiento moderno /
Statement of responsibility, etc Christophe Charle ; pról. Juan Pablo Fusi.
250 ## - EDITION STATEMENT
Edition statement 1a ed.
260 ## - PUBLICATION, DISTRIBUTION, ETC. (IMPRINT)
Place of publication, distribution, etc Madrid, España :
Name of publisher, distributor, etc Siglo veintiuno,
Date of publication, distribution, etc c2000
300 ## - PHYSICAL DESCRIPTION
Extent xxvii, 243 ;
-- 23 cm.
440 #0 - SERIES STATEMENT/ADDED ENTRY--TITLE
Title Historias de europa
500 ## - GENERAL NOTE
General note Traducción de: Vordenker der Moderne
504 ## - BIBLIOGRAPHY, ETC. NOTE
Bibliography, etc Incluye apéndice, bibliografía e índice
650 #7 - SUBJECT ADDED ENTRY--TOPICAL TERM
Topical term or geographic name as entry element Intelectuales
Geographic subdivision Europa
Chronological subdivision Siglo XIX
Source of heading or term lemb
651 #7 - SUBJECT ADDED ENTRY--GEOGRAPHIC NAME
Geographic name Europa
General subdivision Vida intelectual
Chronological subdivision Siglo XIX
Source of heading or term lemb
700 1# - ADDED ENTRY--PERSONAL NAME
Personal name Fusi Aizpurúa, Juan Pablo, pról.
700 1# - ADDED ENTRY--PERSONAL NAME
Personal name Martín Ramírez, Carlos, tr.
942 ## - ADDED ENTRY ELEMENTS (KOHA)
Source of classification or shelving scheme Biblioteca del Cogreso de los Estados Unidos
Koha item type Libro
Holdings
Estado de pérdida Fuente de clasificación Estado del daño No para préstamo Ubicación permanente Ubicación actual Apartado o colección Fecha de adquisición Edición Dependencia de educación superior (DES) Área del conocimiento Clasificación Código de Barras Date last seen Número de copia Tipo de recurso
  Biblioteca del Cogreso de los Estados Unidos     Biblioteca del Instituto de Investigaciones Históricas Biblioteca del Instituto de Investigaciones Históricas General 28/08/2018 1a ed. Humanidades Ciencias Sociales y Administrativas HM728 C43 2000 IIH000025548 28/08/2018 C:1 Libro